Alla Svenska Fåglar (Fortsättning) - 50 Slumpade - Statistics

General Stats
  • This quiz has been taken 111 times
  • The average score is 18 of 50
Answer Stats
Picture Answer % Correct
Domherre
94%
Bofink
88%
Koltrast
87%
Domherre
83%
Pilfink
80%
Rödhake
78%
Stare
78%
Bofink
77%
Koltrast
75%
Rödhake
74%
Björktrast
71%
Gärdsmyg
70%
Sidensvans
69%
Gråsparv
67%
Pilfink
67%
Sädesärla
65%
Stare
65%
Blåhake
63%
Gråsparv
63%
Gärdsmyg
61%
Gulsparv
61%
Sädesärla
60%
Steglits
60%
Kungsfågel
58%
Svartvit Flugsnappare
58%
Grönfink
56%
Sidensvans
56%
Steglits
56%
Snösparv
54%
Gulsparv
53%
Rödvingetrast
53%
Bergfink
50%
Blåhake
50%
Grönfink
50%
Kungsfågel
50%
Nötväcka
50%
Strömstare
50%
Taltrast
50%
Trädpiplärka
50%
Taltrast
48%
Björktrast
47%
Svartvit Flugsnappare
47%
Citronärla
45%
Dubbeltrast
45%
Näktergal
44%
Rosenfink
44%
Strömstare
44%
Dubbeltrast
43%
Rödstjärt
42%
Bergfink
41%
Trädkrypare
41%
Mindre Korsnäbb
40%
Ringtrast
40%
Snösparv
40%
Hämpling
39%
Bändelkorsnäbb
38%
Nötväcka
38%
Trädpiplärka
38%
Gulärla
37%
Trädkrypare
37%
Stenknäck
36%
Tallbit
35%
Forsärla
33%
Grå Flugsnappare
33%
Gulärla
33%
Rödvingetrast
33%
Rosenfink
33%
Stenknäck
33%
Större Korsnäbb
33%
Halsbandsflugsnappare
31%
Mindre Korsnäbb
31%
Ortolansparv
31%
Svart Rödstjärt
31%
Tallbit
31%
Trädgårdsträdkrypare
31%
Sävsparv
30%
Ärtsångare
29%
Grå Flugsnappare
29%
Grönsiska
29%
Tajgablåstjärt
29%
Brandkronad Kungsfågel
27%
Mindre Flugsnappare
27%
Rödstjärt
26%
Lappsparv
25%
Vattenpiplärka
25%
Bändelkorsnäbb
24%
Gråsiska
24%
Gulhämpling
24%
Större Piplärka
23%
Dvärgsparv
22%
Större Korsnäbb
22%
Höksångare
21%
Rosenstare
21%
Gråsiska
20%
Hämpling
20%
Höksångare
20%
Lappsparv
20%
Näktergal
20%
Ringtrast
20%
Grönsiska
19%
Svarthakad Buskskvätta
19%
Brandkronad Kungsfågel
18%
Forsärla
18%
Järnsparv
18%
Ortolansparv
18%
Törnsångare
18%
Dvärgsparv
17%
Tajgablåstjärt
17%
Ängspiplärka
15%
Större Piplärka
15%
Törnsångare
15%
Videsparv
15%
Ärtsångare
14%
Trädgårdsträdkrypare
14%
Ängspiplärka
13%
Buskskvätta
13%
Buskskvätta
13%
Citronärla
13%
Rödstrupig Piplärka
13%
Stenskvätta
13%
Kornsparv
12%
Vattenpiplärka
11%
Stenskvätta
10%
Vinterhämpling
10%
Videsparv
9%
Vinterhämpling
9%
Gulhämpling
8%
Mindre Flugsnappare
8%
Skärpiplärka
8%
Svarthakad Buskskvätta
8%
Rödstrupig Piplärka
7%
Halsbandsflugsnappre
6%
Järnsparv
6%
Kornsparv
6%
Rosenstare
6%
Sävsparv
5%
Fältpiplärka
0%
Fältpiplärka
0%
Skärpiplärka
0%
Svart Rödstjärt
0%
No matching quizzes found
Score Distribution
Percent of People with Each Score
Percentile by Number Answered
Your Score History
You have not taken this quiz